<?xml version="1.0" encoding="UTF-8"?>
<record
    xmlns:xsi="http://www.w3.org/2001/XMLSchema-instance"
    xsi:schemaLocation="http://www.loc.gov/MARC21/slim http://www.loc.gov/standards/marcxml/schema/MARC21slim.xsd"
    xmlns="http://www.loc.gov/MARC21/slim">

  <leader>02353nam a22002057a 4500</leader>
  <controlfield tag="003">IT-MiCISF</controlfield>
  <controlfield tag="005">20250917113503.0</controlfield>
  <controlfield tag="008">250917b        |||||||| |||| 00| 0 eng d</controlfield>
  <datafield tag="020" ind1=" " ind2=" ">
    <subfield code="a">9788804778745</subfield>
  </datafield>
  <datafield tag="040" ind1=" " ind2=" ">
    <subfield code="c">IT-MiCISF</subfield>
  </datafield>
  <datafield tag="100" ind1=" " ind2=" ">
    <subfield code="a">Arte Vincenzo</subfield>
    <subfield code="9">62612</subfield>
  </datafield>
  <datafield tag="245" ind1=" " ind2=" ">
    <subfield code="a">Crescere senza voti.</subfield>
    <subfield code="b">Il metodo rivoluzionario che sta cambiando la scuola</subfield>
  </datafield>
  <datafield tag="260" ind1=" " ind2=" ">
    <subfield code="a">Milano, </subfield>
    <subfield code="b">Mondadori, </subfield>
    <subfield code="c">2023</subfield>
  </datafield>
  <datafield tag="300" ind1=" " ind2=" ">
    <subfield code="a">pp. 180</subfield>
  </datafield>
  <datafield tag="500" ind1=" " ind2=" ">
    <subfield code="a">educazione, scuola, problemi-educazione, problemi-apprendimento, cambiamento, progetto</subfield>
  </datafield>
  <datafield tag="520" ind1=" " ind2=" ">
    <subfield code="a">Studenti demotivati, con disturbi emotivi e relazionali, vittime di attacchi di panico, invisibili agli occhi di insegnanti incapaci di cogliere i loro reali bisogni. Ragazzi sempre pi&#xF9; ansiosi, prigionieri di uno studio mnemonico e nozionistico, ossessionati dalla performance, dai voti e dal terrore di fallire. Il malessere degli studenti italiani, che le ricerche rilevano costantemente e con cui milioni di famiglie sono costrette a misurarsi ogni giorno, ha ormai raggiunto livelli di guardia.. Come porre fine a questa sofferenza? Come rendere la scuola un luogo di benessere, apprendimento duraturo e crescita personale? A queste domande ha tentato di rispondere la Scuola delle Relazioni e della Responsabilit&#xE0;, un progetto avviato nel 2016 da un gruppo di insegnanti del liceo Morgagni di Roma e diventato, nel giro di pochi anni, un modello didattico innovativo dai risultati sorprendenti. Crescere senza voti &#xE8; la storia di una sperimentazione che sta ispirando innovazioni in tutta Italia, il resoconto di un cambio di paradigma che ha riscritto le regole e le finalit&#xE0; dello stare in classe. Infatti, se l'utilizzo efficace del tempo-scuola, l'apprendimento tra pari, la cura delle relazioni e l'uso &#xAB;intelligente&#xBB; dei compiti a casa hanno contribuito a creare un clima sereno e cooperativo tra studenti e docenti, l'abolizione dei voti e il ricorso a nuovi strumenti di valutazione hanno davvero &#xAB;rovesciato il tavolo&#xBB;. Nelle &#xAB;classi senza voti&#xBB; del Morgagni lo stress delle interrogazioni e delle verifiche &#xE8; scomparso, mentre sono aumentate le emozioni positive che hanno favorito, oltre a un approccio allo studio maturo ed efficace, l'autostima, la consapevolezza di s&#xE9;, la capacit&#xE0; di lavorare insieme agli altri.</subfield>
  </datafield>
  <datafield tag="650" ind1=" " ind2=" ">
    <subfield code="a">Educazione</subfield>
  </datafield>
  <datafield tag="654" ind1=" " ind2=" ">
    <subfield code="a">saggio</subfield>
  </datafield>
  <datafield tag="942" ind1=" " ind2=" ">
    <subfield code="2">ddc</subfield>
    <subfield code="c">BK</subfield>
  </datafield>
  <datafield tag="999" ind1=" " ind2=" ">
    <subfield code="c">360625</subfield>
    <subfield code="d">360625</subfield>
  </datafield>
  <datafield tag="952" ind1=" " ind2=" ">
    <subfield code="0">0</subfield>
    <subfield code="1">0</subfield>
    <subfield code="2">ddc</subfield>
    <subfield code="4">0</subfield>
    <subfield code="6">B_7889_000000000000000</subfield>
    <subfield code="7">1</subfield>
    <subfield code="a">CISF</subfield>
    <subfield code="b">CISF</subfield>
    <subfield code="d">2025-09-17</subfield>
    <subfield code="l">0</subfield>
    <subfield code="o">B7889</subfield>
    <subfield code="p">9788804778745</subfield>
    <subfield code="r">2025-09-17 11:35:18</subfield>
    <subfield code="w">2025-09-17</subfield>
    <subfield code="y">BK</subfield>
  </datafield>
</record>
